000
00323nam a22001337a 4500
008
170522b xxu||||| |||| 00| 0 eng d
020
_a
1882864026
041
_a
eng
080
_a
94(7/8)
100
_a
16
101
_a
shh
245
_a
HISTORICAL U.S TREASURY YIELD CURVES 1993 EDITION
_c
COLEMAN, TH.S
942
_2
udc
_c
BK
999
_c
13633
_d
13633